=LDR 00000nam 2200000 4500 =001 INLIS000000000023962 =005 20130612122558 =008 ***********************************Ind** =035 ##$$0010-061300000023962 =041 ##$$a Ind =082 ##$$a 345.002 =090 ##$$a 345.002, Mul m =100 ##$$a Muladi =245 ##$$a Bunga ramapai hukum pidana, Mulyadi =260 ##$$a 1992 $b Banduang =300 ##$$a 220 hlm, 21 cm =650 ##$$a Hukum pidana - Bunga ramapai =850 ##$$a NBPNMAT